UNIX NETWORK PROGRAMMING (Record no. 216696)

MARC details
000 -LEADER
fixed length control field 00515nam a22001697a 4500
008 - FIXED-LENGTH DATA ELEMENTS--GENERAL INFORMATION
fixed length control field 260226b |||||||| |||| 00| 0 eng d
020 ## - INTERNATIONAL STANDARD BOOK NUMBER
International Standard Book Number 0-13-141155-1
100 ## - MAIN ENTRY--PERSONAL NAME
Personal name STEVENS, W. RICHARD
245 ## - TITLE STATEMENT
Title UNIX NETWORK PROGRAMMING
Remainder of title THE SOCKETS NETWORKING API
250 ## - EDITION STATEMENT
Edition statement 3RD ED
260 ## - PUBLICATION, DISTRIBUTION, ETC.
Place of publication, distribution, etc. BOSTON
Name of publisher, distributor, etc. PEARSON EDUCATION
Date of publication, distribution, etc. 2004
300 ## - PHYSICAL DESCRIPTION
Extent XXIII, 991P
500 ## - GENERAL NOTE
General note INCLUDES INDEX
650 ## - SUBJECT ADDED ENTRY
Topical term or geographic name entry element 1.UNIX ( COMPUTER OPERATING SYSTEM) 2. COMPUTER NETWORKS - PROGRAMMING
942 ## - ADDED ENTRY ELEMENTS (KOHA)
Source of classification or shelving scheme Library of Congress Classification
Koha item type Long Loan Book
Holdings
Withdrawn status Lost status Source of classification or shelving scheme Damaged status Not for loan Collection Home library Current library Shelving location Date acquired Inventory number Total checkouts Full call number Barcode Date last seen Copy number Price effective from Koha item type
    Library of Congress Classification     Science & Technology Kisii University Library Kisii University Library On Display 02/26/2026 112173   QA 76.76 C67S74 2004 V.1 A001212 02/26/2026 1 02/26/2026 Long Loan Book
    Library of Congress Classification     Science & Technology Kisii University Library Kisii University Library On Display 02/26/2026 112174   QA 76.76 C67S74 2004 V.1 A001211 02/26/2026 2 02/26/2026 Long Loan Book
    Library of Congress Classification     Science & Technology Kisii University Library Kisii University Library On Display 02/26/2026 112175   QA 76.76 C67S74 2004 V.1 A001210 02/26/2026 3 02/26/2026 Long Loan Book